<?xml version="1.0" encoding="UTF-8"?>
<record
    xmlns:xsi="http://www.w3.org/2001/XMLSchema-instance"
    xsi:schemaLocation="http://www.loc.gov/MARC21/slim http://www.loc.gov/standards/marcxml/schema/MARC21slim.xsd"
    xmlns="http://www.loc.gov/MARC21/slim">

  <leader>01555    a2200217   4500</leader>
  <controlfield tag="001">59980</controlfield>
  <controlfield tag="005">20260407155852.0</controlfield>
  <controlfield tag="008">260407a2005    arg                 spa d</controlfield>
  <controlfield tag="003">AR-UNSa-BCEJYS</controlfield>
  <datafield tag="040" ind1=" " ind2=" ">
    <subfield code="a">AR-UNSa-BCEJYS</subfield>
    <subfield code="b">spa</subfield>
    <subfield code="c">AR-UNSa-BCEJYS</subfield>
  </datafield>
  <datafield tag="080" ind1=" " ind2=" ">
    <subfield code="a">342.729</subfield>
    <subfield code="x">Libertad de reuni&#xF3;n, de manifestarse p&#xFA;blicamente</subfield>
  </datafield>
  <datafield tag="245" ind1="1" ind2="0">
    <subfield code="a">El derecho a la protesta</subfield>
    <subfield code="p">El primer derecho</subfield>
  </datafield>
  <datafield tag="020" ind1=" " ind2=" ">
    <subfield code="a">950-894-485-4</subfield>
  </datafield>
  <datafield tag="264" ind1=" " ind2="1">
    <subfield code="a">Buenos Aires :</subfield>
    <subfield code="b">AD-HOC</subfield>
    <subfield code="c">2005</subfield>
  </datafield>
  <datafield tag="300" ind1=" " ind2=" ">
    <subfield code="a">265 p.</subfield>
    <subfield code="c">23 cm.</subfield>
  </datafield>
  <datafield tag="505" ind1=" " ind2=" ">
    <subfield code="a">1. Ruta 1: Expresi&#xF3;n c&#xED;vica y "cortes de ruta" - 2. Ruta 2: &#xBF;Un camino sin salida? El derecho ante los &#x201C;cortes de ruta&#x201D; &#x2013; 3. Por qu&#xE9; el fallo &#x201C;Alais&#x201D; es (jur&#xED;dicamente) inaceptable &#x2013; 4. C&#xF3;mo argumentar (y sobre todo c&#xF3;mo no hacerlo) frente a situaciones de conflicto social. La doctrina argentina frente a la protesta &#x2013; 5. Inconsistencia y parcialidad. Un examen hist&#xF3;rico de la jurisprudencia de la Corte Suprema argentina &#x2013; 6. &#x201C;Piedras de papel&#x201D; y silencio: la crisis pol&#xED;tica argentina le&#xED;da desde sus sistema institucional &#x2013; 7. La alineaci&#xF3;n pol&#xED;tica en la Argentina &#x2013; 8. Derechos especiales para grupos desaventajados &#x2013; 9. Derechos de grupos, revisi&#xF3;n judicial y &#x201C;motivos personales&#x201D; &#x2013; 10. El socavamiento de las instituciones de la democracia constitucional &#x2013; 11. La &#xFA;ltima carta. El derecho de resistencia en situaciones de alineaci&#xF3;n legal &#x2013; 12. Liberalismo, socialismo y derechos.</subfield>
  </datafield>
  <datafield tag="041" ind1=" " ind2=" ">
    <subfield code="a">spa</subfield>
  </datafield>
  <datafield tag="942" ind1=" " ind2=" ">
    <subfield code="c">BK</subfield>
  </datafield>
  <datafield tag="590" ind1=" " ind2=" ">
    <subfield code="a">niveau_biblio:m niveau_hierar:0</subfield>
  </datafield>
  <datafield tag="100" ind1="1" ind2=" ">
    <subfield code="a">Cargarella, Roberto</subfield>
  </datafield>
  <datafield tag="999" ind1=" " ind2=" ">
    <subfield code="c">6866</subfield>
    <subfield code="d">6866</subfield>
  </datafield>
  <datafield tag="952" ind1=" " ind2=" ">
    <subfield code="0">0</subfield>
    <subfield code="1">0</subfield>
    <subfield code="4">0</subfield>
    <subfield code="7">0</subfield>
    <subfield code="a">BCEJYS</subfield>
    <subfield code="b">BCEJYS</subfield>
    <subfield code="c">16</subfield>
    <subfield code="d">2026-04-07</subfield>
    <subfield code="l">0</subfield>
    <subfield code="o">342.729 C257</subfield>
    <subfield code="p">L87982</subfield>
    <subfield code="r">2026-04-07 15:58:52</subfield>
    <subfield code="w">2026-04-07</subfield>
    <subfield code="y">L</subfield>
  </datafield>
</record>
